| 000 | 01028cam a22002771 4500 | ||
|---|---|---|---|
| 001 | 18185 | ||
| 003 | BD-RjUL | ||
| 005 | 20211209000240.0 | ||
| 008 | 140219s19611935xx 000 0 eng | ||
| 035 | _a(BD-RjUL)18243 | ||
| 035 | _a(OCoLC)929013 | ||
| 040 |
_aDLC _cOAU _dDLC _dBD-RjUL _beng |
||
| 041 | _aeng | ||
| 082 |
_a370.938 _bNET 1961 |
||
| 100 | 1 |
_aNettleship, Richard Lewis. _d1846-1892. _955994 |
|
| 245 | 1 | 4 |
_aThe theory of education in Plato's Republic / _cby R. L. Nettleship. With an introduction by Spencer Leeson. |
| 260 |
_aOxford : _bThe Clarendon press, _c1935 [Reprint 1961].. |
||
| 300 |
_aviii, 155, [1] p. ; _c19 cm. |
||
| 500 | _a"The essay that is here reprinted was first published in Hellenica in 1880... The text has been taken from the second edition of Hellenica, published in 1898."--p.[v]-vi. | ||
| 600 | 0 | 0 |
_aPlato. _956293 |
| 650 | 0 |
_aEducation, Greek. _922231 |
|
| 700 | 1 |
_aLeeson, Spencer, _d1892- _eed. _955996 |
|
| 942 |
_2ddc _cBK |
||
| 999 |
_c18185 _d18185 |
||